[Event "Moscow Tal Memorial 8th"]
[Site "Moscow"]
[Date "2013.06.14"]
[Round "2"]
[White "Caruana, Fabiano"]
[Black "Gelfand, Boris"]
[Result "0-1"]
[WhiteElo "2774"]
[BlackElo "2755"]
[Annotator "Pavlovic,M"]
[PlyCount "82"]
[EventDate "2013.06.13"]
[EventType "tourn"]
[EventRounds "9"]
[EventCountry "RUS"]
[EventCategory "22"]
[SourceTitle "CBM 155"]
[Source "ChessBase"]
[SourceDate "2013.07.16"]
[SourceVersion "1"]
[SourceVersionDate "2013.07.16"]
[SourceQuality "1"]

1. e4 {This game follows one of the most complex positions in the Sicilian
that has been extensively analysed. The author of this annotations spend a
huge amount of time on it especially while writing a book where one of the
subjects was this line.} c5 2. Nf3 d6 3. d4 cxd4 4. Nxd4 Nf6 5. Nc3 a6 6. f3 e5
7. Nb3 Be6 8. Be3 Be7 9. Qd2 O-O 10. O-O-O Nbd7 11. g4 b5 12. g5 b4 13. Ne2 Ne8
14. f4 {So far we are just following the usual path.} a5 15. f5 a4 16. fxe6 {
Not the only move and surely not the main line. Probably the critical move is
16.Nbd4 with immense complications; it has been tested many times.} axb3 17.
cxb3 fxe6 18. Bh3 Rxa2 19. Bxe6+ Kh8 20. Ng3 Nc7 21. Bc4 Qa8 22. Rhf1 Rxf1 23.
Rxf1 Ra1+ 24. Kc2 Rxf1 25. Bxf1 d5 {So far this is all theoretical..} 26. h4 $6
$146 {Finally we see what White wanted. This is a new idea but compared to
alternatives doesn't look good.} (26. exd5 {A bit dry} Nxd5 27. h4 Nc5 (27...
Nxe3+ 28. Qxe3 Qd5 29. Bc4 Qg2+ 30. Kb1 g6 (30... Bc5 31. Qd3 Bd4 32. Ne2 Nc5
33. Qf5 Qe4+ 34. Qxe4 Nxe4 35. Nxd4 exd4 36. Kc2 Nc5 37. h5 $1 {A nice endgame
position, Black is very difficult, his king is cut off from play.}) 31. Ne4 Qg4
32. Ka2 $14 {1/2-1/2 (52) Hoeven,D (2635)-Avotins,M (2459) ICCF 2006. White
looks a tidy bit better although Black's chances to hold are much bigger then
the white chances to win as proved in some games like this one.}) 28. Bf2 Ne6
29. Bc4 Ndf4 {1/2-1/2 (29) Schulz,G (2423)-Bos,H (2435) ICCF 2009. This looks
ok to me.}) (26. Qf2 $5 {This looks like an interesting try} Qc6+ (26... d4 27.
Bd2 $1 {I give an exclamation mark only to emphasise the difference with the
main game; here the bishop is active and the queen on the f-file as well} Qe8
28. Bc4 g6 29. Qf7 Qxf7 30. Bxf7 Kg7 31. Bc4 $14 {[%cal Gg3h1,Gh1f2,Gf2d3]})
27. Kb1 d4 28. Bd2 g6 29. h4 Nb6 30. Qe1 Qd6 31. Nh1 $1 {[%cal Gh1f2,Gf2d3]}
Ne6 32. Nf2 Nf4 33. Ng4 {1-0 (65) Müller,G (2568)-Soberano,J (2583) ICCF 2010.
To me this looks like slight pressure for White although due to the passed
pawn Black's chances can't be dismissed.}) 26... d4 $1 {If we compare this
position with the above mentioned 26.Qf2 the differences are hugely in favour
of 26.Qf2.} 27. Bg1 {The bishop on g1 is somehow "locked in"} Ne6 28. Qe2 $2 {
A further mistake.} (28. Kb1 $1 Ndc5 29. Qxb4 Bd6 30. Qc4 Nf4 31. Qf7 $1 Nxe4
32. Nxe4 Qxe4+ 33. Ka2 Qa8+ 34. Kb1 Qg8 $1 {trying to play for win} 35. Qb7 {
A position like this was White's best chance and it looks more or less like
equal chances.}) 28... Ndc5 $1 $17 29. Qc4 Nf4 $6 {Inaccurate, but still Black
keeps the better game.} (29... h6 $1 30. gxh6 Bxh4 31. hxg7+ Kxg7 32. Nf5+ Kf6
$1 $19 {Due to the pressure on e4 and better coordination of his pieces Black
is winning.}) 30. Qf7 Qf8 31. Qc4 $6 (31. Qxf8+ {The only chance} Bxf8 32. Bh2
g6 $15 {The endgame is better for Black.}) 31... g6 32. Bf2 $2 Ne2 $19 {
Now Black wins.} 33. Nh1 d3+ 34. Kd1 Qf3 35. Bxc5 Qxf1+ 36. Kd2 Nf4 37. Ng3
Qg2+ 38. Kc1 Qxg3 39. Kb1 Ne2 40. Qf7 Qe1+ 41. Ka2 Nc3+ 0-1

[Event "Dortmund SuperGM 41st"]
[Site "Dortmund"]
[Date "2013.07.26"]
[Round "1"]
[White "Andreikin, Dmitry"]
[Black "Caruana, Fabiano"]
[Result "0-1"]
[WhiteElo "2727"]
[BlackElo "2796"]
[Annotator "Krasenkow,M"]
[PlyCount "86"]
[EventDate "2013.07.26"]
[EventType "tourn"]
[EventRounds "9"]
[EventCountry "GER"]
[EventCategory "19"]
[SourceTitle "CBM 156"]
[Source "ChessBase"]
[SourceDate "2013.09.17"]
[SourceVersion "1"]
[SourceVersionDate "2013.09.17"]
[SourceQuality "1"]

1. d4 Nf6 2. c4 g6 3. Nc3 d5 4. e3 Bg7 5. cxd5 Nxd5 6. Nxd5 Qxd5 7. Ne2 O-O 8.
Nc3 {This system (introduced by Lodewijk Prins in his game vs. Donald Byrne at
the Tel Aviv Chess Olympiad in 1964) has gained some popularity in recent
years. White brings his knight to c3 and gets ready to reply d4-d5 both to ...
c7-c5 and ...e7-e5. However, even if Black temporarily refrains from the
undermining of the centre, without a pair of knights, White's space advantage
is hardly significant.} Qd6 {Other options:} (8... Qd8) (8... Qa5) (8... Qd7) (
8... Qc6) 9. Be2 c6 {Black is planning ...e7-e5.} (9... c5 10. d5 {tends to be
favourable for White, e.g.} Rd8 11. e4 e6 12. Bg5 Re8 13. O-O Bxc3 $6 14. bxc3
exd5 15. exd5 Qe5 $2 16. Qd2 $1 Qxe2 17. Rae1 Qb5 18. c4 Qa4 19. Qc3 f6 20.
Bxf6 Bf5 21. Bh8 {1-0 (21) Godard,M (2348)-Maruejols,C (2005) Naujac sur Mer
2013}) (9... Nd7 $5 10. O-O a6 11. a4 c5 {is a better way to carry out the
c7-c5 plan:} 12. d5 f5 (12... b6 13. f4 Bb7 14. e4 c4 15. Be3 Qb4 16. e5 Rac8
17. Rb1 Nc5 18. Qd4 b5 19. axb5 axb5 20. f5 $40 {1-0 (30) Tregubov,P (2601)
-Vastrukhin,O (2336) Sochi RUS 2012}) 13. a5 (13. g3 Nf6 14. Bc4 Kh8 15. Ra3
Bd7 16. a5 Qc7 17. e4 Nxe4 18. Nxe4 fxe4 19. Re1 Bd4 $13 {1-0 (29) Zontakh,A 
(2556)-Kanter,E (2394) Plovdiv 2012}) 13... Nf6 14. Ra3 Kh8 15. Na4 Bd7 16. Nb6
Rad8 17. Qb3 Be8 18. Rd1 Bf7 19. Bf3 g5 $13 {1/2 (30) Shinkevich,V (2501)
-Kurnosov,I (2668) Khanty-Mansiysk 2010}) 10. O-O Nd7 {Development first! It
is important that the position of Black's queen on d6 prevents e3-e4.} (10...
e5 {is a bit premature:} 11. dxe5 Qxe5 12. e4 Nd7 13. Be3 Nf6 14. f4 Qe7 15.
Bf3 Bf5 {0-1 (73) Truta,S (2231)-Jelen,I (2399) Ljubljana 2010} 16. e5 $36) 11.
Ne4 (11. f4 Rd8 (11... Nb6 12. Bf3 Rd8 13. Qe2 a5 {1/2 (13) Lalic,B (2470)
-Llaneza Vega,M (2465) Pardubice 2011}) 12. Qc2 Nf6 13. Rd1 Bf5 $1 14. e4 Ng4
15. Qd2 {1-0 (46) Almeida Quintana,O (2555)-Esserman,M (2439) Montcada 2011}
Qb4 $1 16. e5 Nh6 $132) (11. Bf3 Nb6 (11... Rd8 $5) 12. a4 a5 13. b3 Re8 14.
Ba3 Qd8 15. Rc1 Be6 16. Qc2 Nd5 17. Nxd5 Bxd5 18. e4 Be6 19. Rfd1 {1/2 (19)
Piorun,K (2521)-Greenfeld,A (2571) Deizisau 2011}) (11. Qc2 e5 12. dxe5 Qxe5
13. e4 Nf6 14. Be3 Ng4 15. Bxg4 Bxg4 16. h3 Be6 $5 (16... Bd7 17. Rad1 Qe7 18.
Bd4 Rfd8 19. Bxg7 Kxg7 20. Rd3 Be6 21. Rfd1 a5 22. b3 Rxd3 23. Qxd3 b5 24. Ne2
$14 {1/2 (31) Kramnik,V (2790)-Svidler,P (2750) Nice 2010}) 17. Rfd1 Qa5 $11) (
11. b3 e5 (11... Rd8 $5 12. Bb2 Nb6 13. Ne4 Qc7 14. Qc1 Bf5 15. Nc5 Nd7 16. Bf3
Nxc5 17. Qxc5 Qd6 18. Rac1 Qxc5 19. Rxc5 e5 20. e4 Be6 21. d5 cxd5 22. exd5 Bf5
$11 {1/2 (26) Kunte,A (2517)-Gopal,G (2609) New Delhi 2010}) 12. d5 (12. dxe5
Qxd1 13. Rxd1 Bxe5 14. Bb2 Re8 15. Na4 Bxb2 16. Nxb2 Nb6 17. Nc4 Nxc4 18. Bxc4
a5 $11 {1/2 (29) Brynell,S (2500)-Kulaots,K (2574) Sweden SWE 2012}) 12... Nf6
13. dxc6 Qxc6 14. Bb2 Be6 15. Rc1 Rfd8 16. Qe1 Qd7 $11 (16... Qe8 $143 $6 17.
Nb5 Nd5 {1/2 (28) Georgiev,K (2685)-Cheparinov,I (2661) Plovdiv 2010} 18. e4
$16)) 11... Qc7 12. Bd2 (12. f4 Rd8 13. Qb3 Nf6 14. Ng5 e6 15. Bd2 b6 16. Rac1
Bb7 17. Bf3 Rac8 $11 18. Rc2 $6 h6 19. Ne4 Nxe4 20. Bxe4 c5 $132 {0-1 (48)
Fayard,A (2234)-Bosiocic,M (2593) Rome 2011}) (12. b3 Rd8 13. Qc2 Nb6 (13...
Nf6 14. Nxf6+ Bxf6 15. Bb2 e5 16. dxe5 Bxe5 17. Bxe5 Qxe5 18. Rad1 Be6 {
1/2 (18) Gleizerov,E (2579)-Bosiocic,M (2561) Zagreb 2011}) 14. Bb2 Bf5 (14...
Nd5 15. Nc5 e5 16. dxe5 Bxe5 17. Rad1 b6 18. Nd3 Bxh2+ 19. Kh1 Bf5 20. Bf3 Bxd3
21. Rxd3 Be5 22. Bxe5 Qxe5 23. Qd2 Qf6 24. Rd1 Re8 {1/2 (24) Nisipeanu,L (2659)
-Edouard,R (2602) Mulhouse 2011}) 15. g4 Bxe4 16. Qxe4 e6 17. Rfd1 Rd5 18. Rac1
Rad8 19. f4 h6 20. Rf1 Qe7 21. Kh1 R5d7 $11 {1/2 (51) Postny,E (2641)-Giri,A 
(2624) France 2010}) 12... Nb6 {Not necessarily the best square for the knight.
Black has good alternatives:} (12... Rd8 13. Qc2 {1/2 (13) Grachev,B (2688)
-Edouard,R (2686) Basel SUI 2013} Nf6 $1 $11) (12... Nf6 13. Nxf6+ Bxf6 14. Rc1
(14. Bc3 e5 15. dxe5 Bxe5 16. Bxe5 Qxe5 17. Qb3 Qe7 {1/2 (17) De Jong,J (2444)
-Huzman,A (2605) Plovdiv 2010}) 14... Be6 15. b3 Bg7 16. Qc2 Rfd8 17. h3 Rd7
18. Rfd1 a5 $11 {0-1 (64) Szabo,M (2199)-Bormida,A (2306) Lechenicher
SchachServer 2012}) 13. f4 {A typical move preventing ...e7-e5 (and ...c7-c5
has been already prevented). However, it weakens White's position, which can
be important if Black manages to break up the centre after all.} a5 {A typical
active move in this structure. However, it is double-edged as this pawn can
become weak.} (13... Be6 14. Rc1 Rad8 15. b3 Nd5 16. Bf3 Nf6 17. Nc5 Qc8 18.
Qe2 Rd6 19. Rfd1 Rfd8 20. Be1 Nd5 21. Kh1 f5 22. Nd3 Nf6 23. Bb4 R6d7 24. Ba5
Re8 25. Ne5 $36 {1-0 (62) Brynell,S (2500)-Gauci,J (2128) Bugibba MLT 2012}) (
13... Nd5 14. Bc4 Bf5 15. Ng3 Rad8 16. Rc1 Qd7 17. Qe1 Nf6 18. Ba5 b6 19. Nxf5
gxf5 20. Bc3 Ne4 21. Qe2 e6 22. Rfd1 Kh8 23. Be1 Rc8 24. Bd3 Nf6 25. Kh1 Rg8
26. Rc2 Nd5 27. Qf3 Bf8 28. a3 Bd6 29. Bf1 $14 {1-0 (45) Portisch,L (2519)
-Beliavsky,A (2657) Szentgotthard 2010}) 14. h4 $5 {[%mdl 32] An aggressive
modern approach. However, Black takes some action in the centre and sets up a
solid blockade.} (14. Rc1 $5 {looks more appropriate to me.}) 14... Be6 15. h5
Bd5 (15... Nc4 $5) 16. Ng5 (16. Nc3 Be6 $5 {[%cal Yb6c4]}) 16... f6 17. Nf3 f5
18. Qe1 (18. hxg6 hxg6 19. Rc1 $5 {, preventing ...Nb6-c4, was probably more
to the point.} Bxa2 {was not good in view of} 20. Ra1 Bd5 21. Bxa5) 18... Nc4
19. hxg6 hxg6 20. Qg3 Qd6 21. Bxc4 ({Keeping the light-squared bishop was
probably a better option:} 21. Rfd1 $5 Nxb2 $140 22. Rdb1 Nc4 23. Bxc4 Bxc4 24.
Rxb7) 21... Bxc4 22. Rfc1 Bd5 23. Ne5 (23. Ng5 Bf6 {[%cal Yg8g7,Yf8h8]}) (23.
Kf2 Bxf3 $1 24. gxf3 Kf7) 23... Bxe5 24. fxe5 Qe6 $15 {White's plan has not
succeeded. We have a classic position with opposite-coloured bishops, where
Black's bishop is definitely stronger than White's.} 25. Kf2 Kf7 {Not the best
plan.} (25... Kg7 $142 26. Rh1 Rh8 $15 27. Rxh8 $140 Rxh8 28. Bxa5 Bxa2) 26.
Rh1 Ke8 {Giving up the h-file.} (26... Rh8 {can now be met with} 27. Bxa5 $1 (
27. Rxh8 $143 Rxh8 28. Bxa5 Bxa2) 27... Bxa2 (27... Rxh1 $2 28. Rxh1 Rxa5 29.
Rh8) (27... Rh5 $5) 28. Bc3 $11) 27. Rh6 Rg8 28. a4 ({After} 28. Qg5 Kd7 29. a3
{[%cal Ya1h1] Black can hardly make any progress.}) 28... Be4 29. Kg1 $6 {
Strangely, White abandons his attempts on the kingside and tries to create
counterplay on the queenside. This concept completely fails. His king comes
under an attack which is especially powerful due to the opposite-coloured
bishops.} (29. Qg5 $142 Kd7 30. Rh7 Rh8 $140 31. Rah1) 29... Kd7 30. b4 $6 Rh8
$1 {Perhaps White missed this tactical trick.} 31. Rxh8 (31. Rxg6 $2 Rag8 $1
$19 ({or} 31... f4 $1 $19)) 31... Rxh8 32. bxa5 g5 $1 {[%mdl 128] Black starts
a decisive assault on White's king.} 33. Rf1 Rh4 $1 {[%cal Rh4g4,Re6h6]} 34.
Rf4 Rh5 $1 35. Rxe4 {Desperation.} (35. Rf1 Qh6 36. Kf2 (36. e6+ $5 {is not
much more stubborn}) 36... Rh4 $1 {[%cal Rh4g4]} 37. Rg1 $140 Rg4 38. Qh3 Rxg2+
$1) 35... fxe4 36. Bb4 Ke8 37. Bc5 Qh6 38. Qg4 Rh1+ 39. Kf2 Qh4+ 40. Qxh4 gxh4
41. e6 Ra1 42. g4 Ra2+ 43. Kg1 Re2 0-1

[Event "Dortmund SuperGM 41st"]
[Site "Dortmund"]
[Date "2013.08.01"]
[Round "6"]
[White "Khenkin, Igor"]
[Black "Caruana, Fabiano"]
[Result "1/2-1/2"]
[WhiteElo "2605"]
[BlackElo "2796"]
[Annotator "Pavlovic,M"]
[PlyCount "115"]
[EventDate "2013.07.26"]
[EventType "tourn"]
[EventRounds "9"]
[EventCountry "GER"]
[EventCategory "19"]
[SourceTitle "CBM 156"]
[Source "ChessBase"]
[SourceDate "2013.09.17"]
[SourceVersion "1"]
[SourceVersionDate "2013.09.17"]
[SourceQuality "1"]

1. d4 d6 2. Nf3 g6 3. e4 Nf6 4. Nc3 Bg7 5. Be2 O-O 6. O-O a6 {Typical Pirc
play, that we saw also in the last round must win game of the Candidates 2013
Ivanchuk-Kramnik. Black has a couple of other ideas more common actually, and
all of them, like the line from the game, give interesting play.} (6... Bg4) (
6... Nc6) (6... c6) 7. Re1 (7. a4 e6 8. Be3 Nc6 9. h3 b6 10. Qd2 Bb7 11. Bh6 e5
$1 12. Bxg7 Kxg7 13. Rfe1 Re8 14. Bf1 Nxd4 15. Nxd4 exd4 16. Qxd4 Qe7 17. Rad1
Qe5 18. Qxe5 Rxe5 {0-1 (18) Popov,I (2632)-Grischuk,A (2779) Khanty-Mansiysk
RUS 2013 black is fine}) 7... Nc6 {There is also another approach:} (7... e6 8.
a4 b6 9. e5 dxe5 10. Nxe5 Bb7 11. Bg5 h6 12. Bh4 Qc8 13. Bf3 Nfd7 14. Ne4 Ra7
15. Ra3 Bxe4 16. Bxe4 c5 17. Nxf7 $1 Rxf7 18. d5 $36 {1/2-1/2 (55) Andreikin,D
(2718)-Svidler,P (2747) Eilat ISR 2012}) 8. Bg5 (8. d5 Ne5 9. a4 (9. Nxe5 dxe5
10. Be3 e6 11. Bc5 Re8 12. Bc4 exd5 13. Nxd5 Be6 14. Nxf6+ Qxf6 15. Bb3 Bh6 16.
Qe2 b6 17. Bb4 a5 18. Bc3 Bf8 19. Red1 Red8 20. Bxe6 Qxe6 $11 {1/2-1/2 (49)
Boensch,U (2545)-Graf,A (2646) Konin GER 2003}) 9... Nxf3+ 10. Bxf3 Nd7 11. Bg5
h6 12. Be3 e5 13. dxe6 fxe6 14. Be2 g5 15. g3 Ne5 16. Rf1 Bd7 17. f3 (17. f4
gxf4 18. gxf4 Ng6 $13) 17... Qf6 18. Rf2 Bc6 $13 {0-1 (32) Kokarev,D (2627)
-Onischuk,V (2574) Taganrog RUS 2013}) 8... h6 9. Bh4 g5 10. Bg3 Nh5 11. d5 Nb8
(11... Nxg3 12. hxg3 Ne5 13. Nxe5 Bxe5 14. Bg4 c6 15. Rb1 Qb6 16. Bxc8 Raxc8
17. Qh5 Kg7 18. Nd1 $1 Qd4 19. Qf3 (19. c3 Qd3 20. Ne3 Qxe4 21. Qh3 Qh7 22.
Nf5+ Kh8 23. Nxe7 Rce8 24. Nf5 h5 $13) 19... f5 20. c3 Qc4 21. exf5 g4 22. Ne3
gxf3 23. Nxc4 Rxf5 24. Nxe5 dxe5 25. Rbd1 fxg2 26. Kxg2 Kf7 27. Re4 $14 {
1/2-1/2 (55) Iuldachev,S (2520)-Rahman,Z (2564) Kuala Lumpur MAS 2008}) 12. Nd4
Nxg3 13. hxg3 c6 14. Nf5 Bxf5 15. exf5 Nd7 16. dxc6 bxc6 17. Na4 $14 {We can
say that White has managed to put on some slight pressure due to his easier
play.} Bf6 18. c3 Kg7 19. Qc2 Qc7 20. Rad1 Rh8 $13 21. Bh5 Be5 22. Re3 Nf6 23.
Qe2 $1 {White must block h5-h4 and at the same time to put pressure on the
e-file.} Nd5 $6 24. Re4 (24. Rxe5 $1 dxe5 25. Bxf7 Nf6 (25... Kxf7 26. Qh5+ Kf8
27. Nc5 $18) 26. Bb3 e4 27. Nc5 $40) 24... Rab8 25. Bxf7 Nf6 26. Rxe5 dxe5 27.
Bb3 Rhd8 28. Re1 Rb5 29. Qc4 Qd6 (29... Rdd5 $1) 30. Qf7+ Kh8 31. Qg6 Nh7 32.
Rd1 $1 Qc7 33. Rxd8+ Qxd8 34. Qxc6 Nf6 $6 (34... Rxb3 35. axb3 Qd1+ 36. Kh2
Qh5+ $11) 35. Qxa6 Qd7 36. Nb6 Qd3 37. Bc4 (37. Qc8+ Kg7 38. Qc4 Qxc4 39. Nxc4
e4 40. Bc2 Rxf5 41. b4 Rd5 42. a4 $16) 37... Qb1+ (37... Qd1+ $1 38. Bf1 Rxb2
39. Nc4 Rb1 40. Ne3 Qd6 $13) 38. Bf1 Rxb2 39. Qc8+ Kg7 40. Nc4 $16 Rb7 41. Nxe5
$18 Qb6 42. Qc4 e6 43. fxe6 Qc7 44. f4 Qxc4 45. Bxc4 Ne4 46. Kh2 Nf2 47. Kg1
Ne4 48. Kh2 Nf2 49. Bb3 Rc7 50. c4 Ne4 51. Ba4 Nc5 52. Bd7 Kf6 53. Ng4+ $2 {
The last mistake that throws a full point away.} (53. f5 $1 $18) 53... Ke7 54.
Nxh6 Nxe6 55. Bxe6 Kxe6 56. fxg5 Rc5 57. g4 Rxg5 58. Kg3 1/2-1/2

[Event "Dortmund SuperGM 41st"]
[Site "Dortmund"]
[Date "2013.08.04"]
[Round "9"]
[White "Caruana, Fabiano"]
[Black "Fridman, Daniel"]
[Result "1-0"]
[WhiteElo "2796"]
[BlackElo "2629"]
[Annotator "Szabo,Kr"]
[PlyCount "125"]
[EventDate "2013.07.26"]
[EventType "tourn"]
[EventRounds "9"]
[EventCountry "GER"]
[EventCategory "19"]
[SourceTitle "CBM 156"]
[Source "ChessBase"]
[SourceDate "2013.09.17"]
[SourceVersion "1"]
[SourceVersionDate "2013.09.17"]
[SourceQuality "1"]

1. e4 e6 2. d4 d5 3. Nc3 Nf6 4. e5 Nfd7 5. f4 c5 6. Nf3 Nc6 7. Be3 Qb6 8. Na4
Qa5+ 9. c3 b6 (9... cxd4 {and}) (9... c4 {are the main lines.}) 10. Bd2 $1 {
The best move. Now White threatens c4!} c4 {Forced.} 11. b4 Nxb4 $5 {The
sharpest reply.} (11... Qa6 {was the positional move.}) 12. cxb4 Bxb4 13. Qc2 {
White had to avoid c3.} Bxd2+ 14. Nxd2 b5 15. Nc3 b4 16. Nd1 (16. Qa4 $5 {
was an interesting alternative} Qb6 ({The endgame by} 16... Qxa4 17. Nxa4 Bb7
18. Be2 Bc6 19. Bd1 $14 {looks slightly better for White.}) 17. Nb5 $1 O-O 18.
Nf3 f6 ({The inventive sacrifice with} 18... Nxe5 {leads to an advantage for
White after} 19. fxe5 Bd7 20. Qxb4 Bxb5 21. Be2 $16 {and White is better.}) 19.
Be2 fxe5 20. fxe5 $14 {Skripchenko-Hmadi, Djerba 1998.}) 16... Qb6 17. Nf3 O-O
18. a3 $146 {The first novelty in the game.} ({The development by} 18. Be2 {
is also possible} f6 (18... a5 19. O-O a4 20. a3 b3 21. Qd2 Nb8 22. Nc3 Nc6 23.
g3 $14) 19. exf6 Nxf6 (19... Rxf6 20. g3 Nb8 21. Nf2 Nc6 22. Rd1 $16 {
Luther-Cremers, Bad Zwesten 2004}) 20. O-O $14 {and White has a comfortable
position.}) 18... b3 19. Qd2 f6 ({In the event of} 19... Qc6 {/\ Nb6-a4} 20.
Nc3 Nb6 21. Be2 Na4 22. O-O Bd7 23. Nxa4 Qxa4 24. Qb2 Rac8 25. Rfc1 $14 {
followed by Nd2-b1-c3.}) 20. h4 ({The natural} 20. Be2 {was an alternative}
fxe5 (20... Nb8 21. exf6 Rxf6 22. O-O Nc6 23. g3 $14 {and White's position is
more promising.}) 21. fxe5 Nb8 22. Nc3 Nc6 23. O-O ({or} 23. Na4 Qc7 24. Nc5 {.
})) 20... Nb8 (20... fxe5 $5 21. fxe5 Nb8 22. Nc3 (22. h5 Nc6 23. Nc3 (23. h6
$6 {is dubious, because of} Rxf3 $1 24. gxf3 Nxd4 25. Be2 g6 26. Rc1 Bb7 {
and Black is very active.}) 23... h6 $13 {with an unclear position.}) 22... Nc6
23. Be2 {is similar to the previous analysis.}) 21. h5 a5 (21... Nc6 $5 22. h6
g5 $5 23. exf6 Rxf6 $132 {with a double-edged fight.}) 22. h6 Ra7 {This was
the idea of Black's previous move.} 23. Nc3 Nc6 (23... fxe5 $6 {is dubious, as}
24. Nxe5 $1 (24. fxe5 Nc6 25. Be2 {, but 24.Nxe5 is more ambitious.}) 24... Nc6
25. Nxc6 Qxc6 26. g3 $14 {and White's position is very powerful.}) 24. Rd1 (24.
Na4 $5 {was also possible} Qb5 (24... Qb8 25. g3) 25. Nc5 {the N looks strong
on c5, on the other hand White has to pay more attention to the c4, b3 Ps.}) (
24. Be2 {is very similar to the previous lines.}) 24... Raf7 ({Probably} 24...
fxe5 $142 {is more exact} 25. fxe5 gxh6 26. Qxh6 (26. Rxh6 Rg7) 26... Rg7 {
and the Black Rs are very powerful.}) 25. exf6 $1 gxf6 26. g3 Kh8 27. Bh3 Qd8
28. Kf2 Qd6 29. Rhe1 f5 {At first sight this is a strange move, because this
weakens the dark squares. On the other hand Black's plan is Rf6 to win the
h6-P.} (29... Qxa3 $6 {is weak, because of} 30. Bxe6 Bxe6 31. Rxe6 $16 {
and White is better.}) ({The simple} 29... Re7 {was also possible to hold the
position. Now White also has a difficult task working out how he can improve
his position.}) 30. Qb2 (30. Ra1 $5) 30... Rf6 31. Rh1 Rxh6 32. Ng5 Kg7 33. Na4
Qe7 34. Nf3 Na7 35. Nc3 Bd7 36. Rde1 Qd6 37. Re3 Qb6 38. Qd2 Qd6 39. Qb2 Qb6
40. Kg2 Nc8 {Both side have just played some easy moves; now after the time
control they can study the deeper plans.} 41. Ne5 Be8 42. Qd2 Nd6 43. Ree1 a4
$6 {A useless move.} ({In the event of} 43... Kh8 44. g4 {is not so logical as
it is in the game,} fxg4 45. Bxg4 Rxh1 46. Rxh1 Nf5 {and Black looks nicely
placed.}) 44. g4 fxg4 45. Bxg4 Rxh1 46. Rxh1 Nf5 47. Bxf5 Rxf5 48. Qe3 h5 (
48... Kh8 49. Rh6 Qd6 50. Qh3 Qe7 {and Black tries to hold.}) 49. Rg1 Kf8 50.
Nf3 (50. Kh2 $1 {was the strongest move. White prepares for Qg3!} h4 (50... Ke7
51. Nxd5+ $1 $18 {and White wins.}) 51. Qf2 $1 Qc7 52. Qg2 Qh7 53. Nxd5 $3 exd5
54. Qxd5 $18) 50... Qd6 51. Ne2 Bg6 52. Kf2 Bh7 53. Ng5 Bg8 54. Qg3 Qe7 55. Qh4
Qf6 56. Qxh5 c3 $6 {Loses immediately, but it was already a very difficult
position for Black.} (56... Ke7 57. Qf3 {followed by Qc3 is also hopeless for
Black.}) 57. Nh7+ Bxh7 58. Qxh7 Rxf4+ 59. Nxf4 Qxf4+ 60. Ke2 Qe4+ 61. Qxe4 dxe4
62. Kd1 Ke7 63. Rg5 {A very interesting struggle!} 1-0